A kis és középvállalkozások helyzete az EU csatlakozás előtt Bács-Kiskun megyében

Elmentve itt :
Bibliográfiai részletek
Szerző: Zsigmond Anikó
További közreműködők: Bártfai Anikó (Témavezető)
Dokumentumtípus: Szakdolgozat
Megjelent: 2003
Tárgyszavak:
Online Access:http://diploma.bibl.u-szeged.hu/32046
LEADER 00584nta a2200157 i 4500
001 dipl32046
005 20130314092308.0
008 110711s2003 hu om 0|| zxx d
040 |a SZTE Diploma Repozitórium  |b hun 
041 |a zxx 
100 1 |a Zsigmond Anikó 
245 1 2 |a A kis és középvállalkozások helyzete az EU csatlakozás előtt Bács-Kiskun megyében   |h [elektronikus dokumentum] /  |c Anikó Zsigmond 
260 |c 2003 
650 4 |a Gazdaságtudományok 
700 1 |a Bártfai Anikó  |e ths 
856 4 0 |u http://diploma.bibl.u-szeged.hu/id/eprint/32046/1/szakdolgozat.pdf  |z Dokumentum-elérés